MDQL
is popping MORE tags! Check the
thread
!
Quizzes
Events
Quiz Creation
Community
Videos
Private Events
Remove Ads
Sign In
Join for FREE
Feedback
Dark Mode
Quiz Categories
Sports
Geography
Music
Movies
Television
Just For Fun
Miscellaneous
History
Literature
Language
Science
Gaming
Entertainment
Religion
Holiday
For Kids
Quiz Lab
Recent
Popular Today
Quiz Kudos Today
Editor Picks
Curator Picks
Quizzes by...
Day
Popularity
Type
Ratings
Length
Year
Community
Subscriptions
Recent Discussions
Orange Saloon
Badges
Playlists
Quests
Create
Leaderboards
Showdown
Live 5
Trivia Bingo
Activity
Puzzle Library
Sporcle Events
Private Events
Virtual Trivia
Globe League
Become a Host
Pub Owners
SporcleCon
Opinionation
Our Games
Videos
Blog
Mobile Apps
Partnerships
Remove Ads and Go Orange
Feedback
Music
Pop Music
The Beatles
Song
Album
Lyrics
Bands
Singers
Artist
Clip
Rock
Rap
Classical
Billboard
Country Music
Kpop
Taylor Swift
Music
Pop Music
The Beatles
Song
Album
Lyrics
Bands
Singers
Artist
Clip
Rock
Rap
Classical
Billboard
Country Music
Kpop
Taylor Swift
Random Quiz
Search Sporcle
×
Quiz Lab
Quiz Lab
Music
Kpop
Type in answers that appear in a list
Type in answers that appear in a list
Classic
Best Score? Go Orange.
Guess KPOP Songs by SM Entertainment Artist Stats
Can you guess KPOP Songs by SM Entertainment Artist?
By
melissadharmawan
12m
24 Questions
2,145 Plays
2,145 Plays
2,145 Plays
Comments
Comments
Give Quiz Kudos
Give Quiz Kudos
-
- Ratings
hide this ad
Replay
Link that replays current quiz
Next Quiz
Link to next quiz in quiz playlist
You Got
0%
They Got
Avg Score
48%
Avg Friend Score
Upgrade to see
Score Distribution
Jump to the score distribution portion of the page
Score
0/24
Timer
12:00
0
Plays Today
Time
Answer
% Correct
00:10-
00:20
Happiness
93.9%
01:00-
01:10
Mr. Simple
90.6%
03:10-
03:20
I
84.3%
02:50-
03.00
I Got a Boy
78.3%
03:20-
03:30
Married to the Music
77.3%
02:30-
02:40
Red Light
64.8%
00:00-
00:10
Magic
64.6%
00:50-
01:00
You Think
62.4%
01:10-
01:20
Rain
62.4%
01:50-
02.00
Heartbreak Hotel
54.3%
02:00-
02:10
Catch Me
52.9%
03:30-
03:40
One of These Nights
50.3%
Time
Answer
% Correct
03:00-
03:10
Lightsaber
48.9%
02:10-
02:20
Free Somebody
46.6%
03:40-
03:50
Beautiful
38.1%
01:20-
01:30
1-4-3
36.2%
01:30:01:40
Who Are You
26.1%
00:20-
00:30
Baby
25.4%
01:40-
01:50
Here I Am
24.2%
03:50-
04:00
Breath
22.9%
02:40-
02:50
A Million Pieces
22.3%
00:30-
00:40
Shadow
17%
00:40-
00:50
Juliette
5.4%
02:20-
02:30
Like a Star
4.8%
Quiz Playlist
Details
Report
Send in Message
Add To Playlist
Classic:
Type in answers that appear in a list
Quiz Source
Last Updated: Oct 9, 2023
Quiz Scoreboard
CHALLENGE
Sign Up to Join the Scoreboard
Show All
Scores
Hide
Comments
May contain spoilers
Recently Published
1-10 Letter E Words III
by El_Dandy
Language
2m
Street Fighter Characters
by Artimus82
Gaming
60s
College Basketball Coaching Resumes
by pancakes188
Sports
9m
More to Explore
Quiz From the Vault
Featured Blog Post
Where Did the Easter Bunny Come From?
hide this ad
You Might Also Like...
Tags
Kpop Quiz
Audio Quiz
Korea
Korean
Kpop Quiz
South Korea
South Korean
Today's Top Quizzes in Music
Browse Music
hide this ad
Today's Top Quizzes in Kpop
Browse Kpop
Top Contributed Quizzes in Music
1
Taylor Swift All Songs (2024)
2
Taylor Swift Logic Puzzle
3
Guess the Artist- 70s Songs
4
7-to-1: Billboard Hot 100 #1 Hits of 2010s
5
Sorting Albums and Songs
6
KPOP LOGIC QUIZ
7
Billboard Blitz: Aretha Franklin
8
Guess the Taylor Swift song (Mystery Song)
9
Guess The Taylor Swift Lyrics Song #1
10
Billboard Blitz: ABBA
Explore More
Trending Topics
NBA
Kpop
Harry Potter
Disney
Anime
Crossword
Marvel
Soccer
The Office
Song
Puzzle
NFL
Pokémon
Country
WWE
hide this ad
More By:
melissadharmawan
Quiz
Plays
Rating
Category
Featured
Created
Guess Korean Drama Name
4,077
4.00
Television
Sep 6, 2016
Guess Who Sing this KPOP Legendary Song
3,282
4.88
Music
Jun 11, 2016
Korean Actress/Actor Logic Quiz [KDRAMA]
2,688
4.50
Television
Nov 5, 2016
KPOP IDOL KID/TEEN PHOTO
2,574
5.00
Music
Nov 18, 2016
K-drama Couple
2,188
3.00
Television
May 6, 2017
Go to Creator's Profile
Score Distribution
Quiz Creator Spotlight
melissadharmawan
Follow
Send a Message
Quizzes Created
-
Created Quiz Play Count
-
More By This Creator
Popular Quizzes Today
1
Find the US States - No Outlines Minefield
2
Find the Countries of Europe - No Outlines Minefield
3
The Countries of the World
4
Find the US States
5
Risky Map Clicking: Biggest States A-Z
6
US States
7
Popular People in 1961
8
Movies - When Are They Set?
More Music Quizzes
Beatles Classifieds
Quiz Lab
Trending Quizzes
Risky Map Clicking: Least Populous States A-Z
Billboard Blitz: Aretha Franklin
1-10 Letter G Words
Countries of the World: 200 Million BC
1-10 Letter F Words
Recently Updated
Leaping Animals
pecheneg
Reality TV Shows (A-Z)
bhenderson79
Rickey Henderson's Hall of Fame Teammates
pecheneg
Champions League XIs: Arsenal
pecheneg
Quick Pick: Celebrities in WWE's Hall of Fame
aduchscher
A-Z Keypad Blitz II
pecheneg
Multiple Oscar Actors
pecheneg
Mystery Phrase Blitz: Oscar 'Best Actors'
pecheneg
F. Scott Fitzgerald Novels
LTH
Pick 3 Villains
ddd62291
Trending Topics
Harry Potter
Disney
Kpop
Crossword
NBA
Marvel
Anime
WWE
Puzzle
Country
The Office
Song
Soccer
NFL
Pokémon
Your Account Isn't Verified!
In order to create a playlist on Sporcle, you need to verify the email address you used during registration. Go to your
Sporcle Settings
to finish the process.
Report this User
Report this user for behavior that violates our
Community Guidelines
.
Details:
Send Report
Go to the Sporcle.com Mobile Site →
Comments